<?xml version="1.0" encoding="UTF-8"?>
<record
    xmlns:xsi="http://www.w3.org/2001/XMLSchema-instance"
    xsi:schemaLocation="http://www.loc.gov/MARC21/slim http://www.loc.gov/standards/marcxml/schema/MARC21slim.xsd"
    xmlns="http://www.loc.gov/MARC21/slim">

  <leader>02215    a2200217   4500</leader>
  <controlfield tag="001">57047</controlfield>
  <controlfield tag="005">20260407155833.0</controlfield>
  <controlfield tag="008">260407a2022    arg                 spa d</controlfield>
  <controlfield tag="003">AR-UNSa-BCEJYS</controlfield>
  <datafield tag="040" ind1=" " ind2=" ">
    <subfield code="a">AR-UNSa-BCEJYS</subfield>
    <subfield code="b">spa</subfield>
    <subfield code="c">AR-UNSa-BCEJYS</subfield>
  </datafield>
  <datafield tag="080" ind1=" " ind2=" ">
    <subfield code="a">378.4(821.2)</subfield>
    <subfield code="x">Universidad de Buenos Aires</subfield>
  </datafield>
  <datafield tag="245" ind1="1" ind2="0">
    <subfield code="a">Lecturas del Bicentenario</subfield>
  </datafield>
  <datafield tag="020" ind1=" " ind2=" ">
    <subfield code="a">978-987-3810-43-5</subfield>
  </datafield>
  <datafield tag="264" ind1=" " ind2="1">
    <subfield code="a">Buenos Aires :</subfield>
    <subfield code="b">Universidad de Buenos Aires. Facultad de Derecho. Departamento de Publicaciones</subfield>
    <subfield code="c">2022</subfield>
  </datafield>
  <datafield tag="300" ind1=" " ind2=" ">
    <subfield code="a">325 p.</subfield>
    <subfield code="c">22 cm.</subfield>
  </datafield>
  <datafield tag="505" ind1=" " ind2=" ">
    <subfield code="a">1. La facultad de derecho en los 200 a&#xF1;os &#x2013; 2.La fundaci&#xF3;n de la Universidad de Buenos Aires &#x2013; 3.Del departamento de jurisprudencia a la facultad de derecho y ciencias sociales &#x2013; 4.La vida de la facultad de derecho en la calle Moreno 350 &#x2013; 5.La universidad de Buenos Aires en las redes acad&#xE9;micas globales de principios del siglo XX &#x2013; 6.Contexto hist&#xF3;rico en la Argentina a fines del siglo XIX y comienzos del siglo XX para enmarcar el centenario de la fundaci&#xF3;n de la Universidad de Buenos Aires &#x2013; 7.La perdurable configuraci&#xF3;n del claustro docente (1821-1885) &#x2013; 8.Los a&#xF1;os dif&#xED;ciles de la facultad de derecho &#x2013; 9.La centenaria relaci&#xF3;n entre facultades de derecho de las universidades de buenos aires &#x2013; 10.Claroscuros en la Universidad de buenos aires y la FDCS &#x2013; 11.Memorias de la facultad de derecho 1986-1990:La modernizaci&#xF3;n  y la reforma pedag&#xF3;gica en el marco de la democracia universitaria participativa &#x2013; 12.La universidad de Buenos Aires en su Bicentenario &#x2013; 13.Resonador de las clases y eco de los debates en la doctrina y en los foros: las tesis doctorales en derechos de la universidad de Buenos Aires &#x2013; 14.Traslado de una biblioteca universitaria de 200.000 vol&#xFA;menes un t&#xED;tulo tomado en pr&#xE9;stamo &#x2013; 15.La constituci&#xF3;n ninguneada(un abordaje desde la ense&#xF1;anza del derecho civil ) &#x2013; 16.La ense&#xF1;anza del derecho internacional privado: dinamismo  de principios y metodolog&#xED;a &#x2013; 17.La facultad de derecho y su memoria archivista.</subfield>
  </datafield>
  <datafield tag="041" ind1=" " ind2=" ">
    <subfield code="a">spa</subfield>
  </datafield>
  <datafield tag="942" ind1=" " ind2=" ">
    <subfield code="c">BK</subfield>
  </datafield>
  <datafield tag="590" ind1=" " ind2=" ">
    <subfield code="a">niveau_biblio:m niveau_hierar:0</subfield>
  </datafield>
  <datafield tag="856" ind1="4" ind2="1">
    <subfield code="u">https://biblioeco.unsa.edu.ar/pmb/images/libros/L128671.jpg</subfield>
    <subfield code="y">Imagen de portada</subfield>
    <subfield code="q">image/jpeg</subfield>
  </datafield>
  <datafield tag="999" ind1=" " ind2=" ">
    <subfield code="c">6108</subfield>
    <subfield code="d">6108</subfield>
  </datafield>
  <datafield tag="952" ind1=" " ind2=" ">
    <subfield code="0">0</subfield>
    <subfield code="1">0</subfield>
    <subfield code="4">0</subfield>
    <subfield code="7">0</subfield>
    <subfield code="a">BCEJYS</subfield>
    <subfield code="b">BCEJYS</subfield>
    <subfield code="c">16</subfield>
    <subfield code="d">2026-04-07</subfield>
    <subfield code="l">0</subfield>
    <subfield code="o">378.4(821.2) L471</subfield>
    <subfield code="p">L128671</subfield>
    <subfield code="r">2026-04-07 15:58:33</subfield>
    <subfield code="w">2026-04-07</subfield>
    <subfield code="y">L</subfield>
  </datafield>
</record>
